Home economics (Record no. 108488)
[ view plain ]
| 000 -LEADER | |
|---|---|
| fixed length control field | 01741cad a22002655a 4500 |
| 001 - CONTROL NUMBER | |
| control field | L144387 |
| 008 - FIXED-LENGTH DATA ELEMENTS--GENERAL INFORMATION | |
| fixed length control field | 080715e20080710xxko f 000 0 eng d |
| 035 ## - SYSTEM CONTROL NUMBER | |
| System control number | (Sirsi) u144387 |
| 041 0# - LANGUAGE CODE | |
| Language code of text/sound track or separate title | eng |
| 050 04 - LIBRARY OF CONGRESS CALL NUMBER | |
| Classification number | 306.3 $2 18 |
| 100 1# - MAIN ENTRY--PERSONAL NAME | |
| Personal name | Gibb, Kenneth |
| 245 00 - TITLE STATEMENT | |
| Title | Home economics |
| Remainder of title | how housing shapes city economies |
| Medium | [electronic resource] |
| 260 ## - PUBLICATION, DISTRIBUTION, ETC. | |
| Place of publication, distribution, etc. | London |
| Name of publisher, distributor, etc. | Centre for Cities |
| Date of publication, distribution, etc. | 2008 |
| 505 2# - FORMATTED CONTENTS NOTE | |
| Formatted contents note | Policy recommendations -- Housing - The Great British obsession -- Recent housing market developments, responses and impacts -- Residential investment and urban housing markets -- Are we at a housing market turning point? -- A tale of two city regions -- Understanding the relationship between housing and the urban economy -- Conclusions and policy recommendations |
| 520 ## - SUMMARY, ETC. | |
| Summary, etc. | Argues that housing policy is often considered in isolation from other factors such as employment and business growth and that the links need to be better understood to prevent less than effective housing policies. Report finds that local housing markets are of more importance to the economic performance of cities than national ones and that policy makers need to set objectives that meet local requirements as opposed to setting national targets based on media perceptions of currently available housing stock. |
| 521 ## - TARGET AUDIENCE NOTE | |
| Target audience note | Advanced |
| 650 24 - SUBJECT ADDED ENTRY--TOPICAL TERM | |
| Topical term or geographic name entry element | GREEN PAPER HOMES FOR THE FUTURE: MORE AFFORDABLE, MORE SUSTAINABLE |
| 650 24 - SUBJECT ADDED ENTRY--TOPICAL TERM | |
| Topical term or geographic name entry element | TOWN AND COUNTRY PLANNING ACT 1990 S106 |
| 651 #4 - SUBJECT ADDED ENTRY--GEOGRAPHIC NAME | |
| Geographic name | United Kingdom |
| Chronological subdivision | |
| 690 ## - LOCAL SUBJECT ADDED ENTRY--TOPICAL TERM (OCLC, RLIN) | |
| Topical term or geographic name as entry element | Residential property |
| 9 (RLIN) | 6266 |
| 700 1# - ADDED ENTRY--PERSONAL NAME | |
| Personal name | O'Sullivan, Tony |
| 700 1# - ADDED ENTRY--PERSONAL NAME | |
| Personal name | Glossop, Catherine |
| 856 40 - ELECTRONIC LOCATION AND ACCESS | |
| Uniform Resource Identifier | <a href="https://www.centreforcities.org/index.php?id=541">https://www.centreforcities.org/index.php?id=541</a> |
| Public note | View the item free of charge at www.centreforcities.org... |
| 942 ## - ADDED ENTRY ELEMENTS (KOHA) | |
| Suppress in OPAC | 0 |
| Withdrawn status | Lost status | Source of classification or shelving scheme | Damaged status | Not for loan | Home library | Current library | Shelving location | Date acquired | Total Checkouts | Full call number | Barcode | Date last seen | Copy number | Price effective from | Koha item type |
|---|---|---|---|---|---|---|---|---|---|---|---|---|---|---|---|
| Dewey Decimal Classification | Virtual | Virtual | Online | 15/07/2008 | ONLINE PUBLICATION | 144387-1001 | 06/08/2019 | 1 | 06/08/2019 | Book |